| 000 | 01437nam a2200361 c 4500 | ||
|---|---|---|---|
| 999 |
_c174447 _d174447 |
||
| 003 | BLK | ||
| 005 | 20240909131149.0 | ||
| 008 | 180411b bul|||||r ||||||| ||bul|| | ||
| 010 | _aKNG00182928000 | ||
| 040 | _aBLK | ||
| 041 |
_aBUL _cBUL |
||
| 080 |
_aАмериканска литература (на САЩ) _b821.111(73) _x-32 _z821.111(73)-32 |
||
| 100 | 1 |
_aХемингуей, Ърнест _eпърви автор _9367561 |
|
| 139 |
_aХемингуей, Ърнест _bХ 41 |
||
| 245 | 1 | 0 |
_aСтарецът и морето _bПовест _cЪрнест Хемингуей; прев. от англ. Теодора Атанасова, Боян Атанасов; ред. Асен Христофоров. |
| 250 | _a2. изд. | ||
| 257 | _aUSA | ||
| 260 |
_bНар. култура _c1964 _aСофия |
||
| 300 |
_a100 с. _c25 см |
||
| 380 | _aX | ||
| 490 |
_aКниги за всички _v8 _9208191 |
||
| 500 | _a1. изд. 1957 | ||
| 700 | 1 |
_aАтанасова, Теодора _eпрев. от англ. _9366376 |
|
| 700 | 1 |
_aАтанасов, Боян _eпрев. от англ. _9376038 |
|
| 700 | 1 |
_aХристофоров, Асен _eред. _9365085 |
|
| 852 | _aЦб 29046 | ||
| 856 | 4 | _qpdf | |
| 856 | 4 | _qpdf | |
| 942 |
_cKNG _n0 _03 _s1 |
||
| 944 |
_aCR _c29.09.2015 _k30542 _lРусанова Ирена |
||
| 944 |
_aED _c29.09.2015 _kХристина_Везирева |
||
| 999 | _d174447 | ||